000 01151nam a22002057a 4500
003 JO-AjAnu
005 20240605133445.0
008 240324b jo ||||| |||| 00| 0 ara d
040 _cJO-AjAnu
_bara
_aJO-AjAnu
041 0 _aara
_dara
082 _aLC4704
_b2024
100 _aأبو صيني، ياسين محمد أحمد
_eمؤلف
_965116
245 _aفاعلية برنامج تدريبي لتنمية مهارات التآزر البصري الحركي لدى الطلبة ذوي صعوبات التعلم = The Effectiveness of a Training Program to Develop Visual-motor Synergy Skills among Student with Learning Disabilities /
_cاعداد ياسين محمد أحمد ابو صيني ؛ اشراف فيصل عيسى النواصرة
260 _c2024
300 _a109 ورقة
500 _aرسالة جامعية (ماجستير) - تخصص التربية الخاصة-صعةبات التعلم / كلية العلوم التربوية، 2024
650 _vصعوبات التعلم - مهارات التأزر البصري الحركي
700 _aالنواصرة، فيصل عيسى.
_eمشرف
_965078
942 _2lcc
_cTHS
_n0
999 _c33335
_d33335